Мент. Рождество по-новорусски: роман

Bibliographic Details
Main Author: Золотько А. Александр
Summary:Новой русской элите нужна собственная полиция, состоящая из неподкупных, независимых профессионалов. Таких, как крутой опер Юрий Иванович Гринчук. Вот только характер у него слишком независимый. И прежде чем получить право самостоятельно карать и миловать олигархов, капитан должен показать, что он именно тот, кто нужен. Поэтому ему поручают дело, где в один кровавый клубок спутаны интересы бандитов, прокуратуры, чиновников, бизнесменов...
Language:Russian
Published: Москва, АСТ, 2006
Series:Боевик от Александра Мазина
Subjects:
Format: Book
KOHA link:https://koha.lib.tpu.ru/cgi-bin/koha/opac-detail.pl?biblionumber=95538

MARC

LEADER 00000nam0a2200000 4500
001 95538
005 20231031110200.0
010 |a 5170338821  |b (АСТ) (в пер.)  |b (Астрель-СПб) 
010 |a 5-9725-0185-6 
021 |a RU  |b 05-70436  |9 05-3469 
035 |a (RuTPU)RU\TPU\book\102299 
090 |a 95538 
100 |a 20060427d2006 m y0rusy5002 ca 
101 0 |a rus 
102 |a RU 
105 |a y z 000ay 
200 1 |a Мент. Рождество по-новорусски  |e роман  |f А. Золотько 
210 |a Москва  |a СПб.  |c АСТ  |c Астрель-СПб  |d 2006 
215 |a 456, [2] с. 
225 1 |a Боевик от Александра Мазина  |e АМ 
330 |a Новой русской элите нужна собственная полиция, состоящая из неподкупных, независимых профессионалов. Таких, как крутой опер Юрий Иванович Гринчук. Вот только характер у него слишком независимый. И прежде чем получить право самостоятельно карать и миловать олигархов, капитан должен показать, что он именно тот, кто нужен. Поэтому ему поручают дело, где в один кровавый клубок спутаны интересы бандитов, прокуратуры, чиновников, бизнесменов... 
610 1 |a уголовный розыск 
610 1 |a преступники 
610 1 |a детективные романы 
610 1 |a русская литература 
675 |a Р2  |v 3  |z rus 
700 1 |a Золотько  |b А.  |g Александр  |4 070 
801 0 |a RU  |b RKP  |c 20060127  |g PSBO 
801 1 |a RU  |b 63413507  |c 20060427  |g PSBO 
801 2 |a RU  |b 63413507  |c 20060519  |g PSBO 
942 |c BK